000 00469nam a2200205Ia 4500
001 13691
003 GE_BSU
008 181216s||||||||xx |||||||||||||| ||und||
020 _a0443045593
040 _cGE_BSU
080 _a612
100 _aDavies,Andrew; Blakeley,Asa G.H; Kidd,Cecil; McGeown,J.G.
245 _aHuman physiology.
260 _aLondon.
260 _b2001
300 _a980p;26cm.
300 _bill.
653 _aHuman physiology.
942 _cBK
999 _c46839
_d46839